000 00803cam a2200241 4500
001 WS105402
008 000000n 000 0 eng u
035 _a(Sirsi) u105402
110 _aCivic Trust
_92280
245 _aCivic Trust
520 _aWeb site for this registered charity which seeks to improve the places where people live, work and relax. Includes news pages and their report on sustainable suburbs.
650 _aURBAN REGENERATION
650 _aSUSTAINABLE DEVELOPMENT
650 _aSUBURBAN AREAS
650 _aTOWNS
650 _aCITIES
650 _aORGANISATION
650 _aBUILDING CONSERVATION
650 _aPLANNING
690 _aREGENERATION
856 4 0 _uhttps://www.civictrust.org.uk/
_zView the website free of charge at www.civictrust.org.uk/...
942 _n0
999 _c119483
_d119483